Fundamentos de química orgánica

Bibliographic Details
Main Author: Solomons, T. W. Graham.
Format: Section = Libro
Language:Undetermined
Spanish
Published: México Limusa 2004
Edition:2a.ed.
Subjects:
LEADER 00610nam a2200229Ia 4500
008 240829s9999 xx 000 0 und d
020 |a 968-18-5007-6 
040 |a BIBLIOTECA-RUSB/ 547 S689 
041 |a spa 
082 |a 547 S689 
100 1 |a Solomons, T. W. Graham. 
245 1 0 |a Fundamentos de química orgánica 
250 |a 2a.ed. 
260 |a México  |b Limusa  |c 2004 
300 |a 1215 p. :il. 
650 7 |a QUIMICA ORGANICA 
650 7 |b  COMPUESTOS DE CARBON - ENLACE QUIMICOS 
650 7 |c  ALCOHOLES Y ETERES 
650 7 |d  COMPUESTOS AROMATICOS 
942 |c BK  |2 ddc 
991 |a TEXTO 
999 |c 2520